<?xml version="1.0" encoding="UTF-8"?>
<record
    xmlns:xsi="http://www.w3.org/2001/XMLSchema-instance"
    xsi:schemaLocation="http://www.loc.gov/MARC21/slim http://www.loc.gov/standards/marcxml/schema/MARC21slim.xsd"
    xmlns="http://www.loc.gov/MARC21/slim">

  <leader>02441cam a22003615a 4500</leader>
  <controlfield tag="001">15318346</controlfield>
  <controlfield tag="005">20160724124235.0</controlfield>
  <controlfield tag="008">080605t2008    enkdb  frb    001 0 eng d</controlfield>
  <datafield tag="010" ind1=" " ind2=" ">
    <subfield code="a">  2008273425</subfield>
  </datafield>
  <datafield tag="015" ind1=" " ind2=" ">
    <subfield code="a">GBA783992</subfield>
    <subfield code="2">bnb</subfield>
  </datafield>
  <datafield tag="016" ind1="7" ind2=" ">
    <subfield code="a">014100641</subfield>
    <subfield code="2">Uk</subfield>
  </datafield>
  <datafield tag="020" ind1=" " ind2=" ">
    <subfield code="a">9780521703925 (pbk.)</subfield>
  </datafield>
  <datafield tag="020" ind1=" " ind2=" ">
    <subfield code="a">0521703921 (pbk.)</subfield>
  </datafield>
  <datafield tag="035" ind1=" " ind2=" ">
    <subfield code="a">(OCoLC)ocn171110394</subfield>
  </datafield>
  <datafield tag="040" ind1=" " ind2=" ">
    <subfield code="a">UKM</subfield>
    <subfield code="b">eng</subfield>
    <subfield code="c">UKM</subfield>
    <subfield code="d">YDXCP</subfield>
    <subfield code="d">BAKER</subfield>
    <subfield code="d">BWKUK</subfield>
    <subfield code="d">BTCTA</subfield>
    <subfield code="d">NLGGC</subfield>
    <subfield code="d">DLC</subfield>
    <subfield code="d">EG-ScBUE</subfield>
  </datafield>
  <datafield tag="082" ind1="0" ind2="4">
    <subfield code="a">303.482</subfield>
    <subfield code="b">GLO</subfield>
    <subfield code="2">22</subfield>
  </datafield>
  <datafield tag="245" ind1="0" ind2="4">
    <subfield code="a">The global diffusion of markets and democracy /</subfield>
    <subfield code="c">edited by Beth A. Simmons, Frank Dobbin, and Geoffrey Garrett.</subfield>
  </datafield>
  <datafield tag="260" ind1=" " ind2=" ">
    <subfield code="a">Cambridge ;</subfield>
    <subfield code="a">New York :</subfield>
    <subfield code="b">Cambridge University Press,</subfield>
    <subfield code="c">c.2008.</subfield>
  </datafield>
  <datafield tag="300" ind1=" " ind2=" ">
    <subfield code="a">xv, 367 p. :</subfield>
    <subfield code="b">charts, maps ;</subfield>
    <subfield code="c">23 cm.</subfield>
  </datafield>
  <datafield tag="500" ind1=" " ind2=" ">
    <subfield code="a">Index : p. 361-367.</subfield>
  </datafield>
  <datafield tag="504" ind1=" " ind2=" ">
    <subfield code="a">Includes bibliographical references.</subfield>
  </datafield>
  <datafield tag="505" ind1=" " ind2=" ">
    <subfield code="a">Introduction : the diffusion of liberalization / Beth A. Simmons, Frank Dobbin, and Geoffrey Garrett -- Tax policy in an era of internationalization : an assessment of a conditional diffusion model of the spread of neoliberalism / Duane Swank -- The decision to privatize : economists and the construction of ideas and policies / Bruce Kogut and J. Muir MacPherson -- The international diffusion of public sector downsizing : network emulation and theory-driven learning / Chang Kil Lee and David Strang -- Global ideology and voter sentiment as determinants of international financial liberalization / Dennis P. Quinn and A. Maria Toyoda -- Competing for capital : the diffusion of bilateral investment treaties, 1960-2000 / Zachary Elkins, Andrew T. Guzman, and Beth A. Simmons -- Diffusion and the spread of democratic institutions / Kristian Skrede Gleditsch and Michael D. Ward -- World society and human rights : an event history analysis of the Convention on the elimination of all forms of discrimination against women / Christine Min Wotipka and Francisco O. Ramirez.</subfield>
  </datafield>
  <datafield tag="520" ind1=" " ind2=" ">
    <subfield code="a">Analyses the ways markets and democracy have diffused around the world through interdependent decision-making.
</subfield>
  </datafield>
  <datafield tag="650" ind1=" " ind2="7">
    <subfield code="a">Globalization</subfield>
    <subfield code="x">Economic aspects.</subfield>
    <subfield code="2">BUEsh</subfield>
    <subfield code="9">3901</subfield>
  </datafield>
  <datafield tag="650" ind1=" " ind2="7">
    <subfield code="a">Globalization</subfield>
    <subfield code="x">Political aspects.</subfield>
    <subfield code="2">BUEsh</subfield>
    <subfield code="9">3902</subfield>
  </datafield>
  <datafield tag="650" ind1=" " ind2="0">
    <subfield code="a">Democratization.</subfield>
    <subfield code="2">BUEsh</subfield>
  </datafield>
  <datafield tag="651" ind1=" " ind2=" ">
    <subfield code="2">BUEsh</subfield>
  </datafield>
  <datafield tag="653" ind1=" " ind2=" ">
    <subfield code="b">LLAAWW</subfield>
    <subfield code="c">July2016</subfield>
  </datafield>
  <datafield tag="700" ind1="1" ind2=" ">
    <subfield code="a">Simmons, Beth A.,</subfield>
    <subfield code="d">1958-</subfield>
    <subfield code="e">editor.</subfield>
    <subfield code="9">3905</subfield>
  </datafield>
  <datafield tag="700" ind1="1" ind2=" ">
    <subfield code="a">Dobbin, Frank,</subfield>
    <subfield code="e">editor.</subfield>
    <subfield code="9">3906</subfield>
  </datafield>
  <datafield tag="700" ind1="1" ind2=" ">
    <subfield code="a">Garrett, Geoffrey,</subfield>
    <subfield code="d">1958-</subfield>
    <subfield code="e">editor.</subfield>
    <subfield code="9">3907</subfield>
  </datafield>
  <datafield tag="942" ind1=" " ind2=" ">
    <subfield code="2">ddc</subfield>
    <subfield code="c">BB</subfield>
  </datafield>
  <datafield tag="999" ind1=" " ind2=" ">
    <subfield code="c">11343</subfield>
    <subfield code="d">11343</subfield>
  </datafield>
  <datafield tag="952" ind1=" " ind2=" ">
    <subfield code="0">0</subfield>
    <subfield code="1">0</subfield>
    <subfield code="2">ddc</subfield>
    <subfield code="4">0</subfield>
    <subfield code="7">0</subfield>
    <subfield code="8">Baccah</subfield>
    <subfield code="a">MAIN</subfield>
    <subfield code="b">MAIN</subfield>
    <subfield code="c">1ST</subfield>
    <subfield code="d">2009-04-21</subfield>
    <subfield code="e">purchase</subfield>
    <subfield code="g">176.80</subfield>
    <subfield code="h">6994</subfield>
    <subfield code="l">0</subfield>
    <subfield code="o">303.482 GLO</subfield>
    <subfield code="p">000015973</subfield>
    <subfield code="r">2025-07-15 00:00:00</subfield>
    <subfield code="y">BB</subfield>
  </datafield>
  <datafield tag="952" ind1=" " ind2=" ">
    <subfield code="0">0</subfield>
    <subfield code="1">0</subfield>
    <subfield code="2">ddc</subfield>
    <subfield code="4">0</subfield>
    <subfield code="7">0</subfield>
    <subfield code="8">Baccah</subfield>
    <subfield code="a">MAIN</subfield>
    <subfield code="b">MAIN</subfield>
    <subfield code="c">1ST</subfield>
    <subfield code="d">2016-07-24</subfield>
    <subfield code="e">Purchase</subfield>
    <subfield code="g">221.00</subfield>
    <subfield code="h">26080</subfield>
    <subfield code="l">0</subfield>
    <subfield code="o">303.482 GLO</subfield>
    <subfield code="p">000032900</subfield>
    <subfield code="r">2025-07-15 00:00:00</subfield>
    <subfield code="v">276.25</subfield>
    <subfield code="y">BB</subfield>
  </datafield>
</record>
